BIBLIOTHÈQUE DE LA MAISON DU MEXIQUE

Logo 1 Logo 2

Cuentos de Grimm (notice nᵒ 11955)

détails MARC
000 -Sello discográfico
campo de control de longitud fija 00876nam a2200289 4500
005 - Identificación de versión
campo de control 20251016083734.0
035 ## - Otros números de control del sistema
Número de control del sistema 6979
099 ## - fechas locales
Tipo de ítem Koha LIBRO
100 ## - Datos de procesamiento general
Datos de procesamiento general 20041006d1969 m y1spay5003 ba
105 ## - Campo de datos codificados: Material textual, monográfico
Datos codificados de monografía y 001ay
200 1# - Título y mención de responsabilidad
Título propio Cuentos de Grimm
Designación general del material texto impreso
Primer mención de responsabilidad Jacobo Grimm
Declaración de responsabilidad subsiguiente prólogo y selección María Edmée Alvarez
205 ## - Declaración de edición
Declaración de edición 1a ed
210 ## - Publicación, distribución, etc.
Lugar de publicación, distribución, etc. México
Nombre del editor, distribuidor, etc. Editorial Porrúa
Fecha de publicación, distribución, etc. 1969
215 ## - Descripción física
Designación de material específico y extensión del ítem XVIII, 236 p
Dimensiones 22 cm
345 ## - Nota de información de adquisición
Fuente de adquisición/dirección de la suscripción [OBSOLETO] Donación
410 #1 - Series
Título Colección "Sepan Cuantos ..."
Número de volumen 121
606 ## - Término temático usado como materia
Elemento de entrada Cuentos de hadas
Número Koha 18555
700 ## - Nombre personal - Responsabilidad primaria
Elemento de entrada Grimm
Parte del nombre distinta del elemento de entrada Jakob Ludwig Karl
Fechas 1785-1863
Número Koha 18577
702 ## - Nombre personal - Responsabilidad secundaria
Elemento de entrada Alvarez Zamora
Parte del nombre distinta del elemento de entrada María Edmée
Fechas 1905-1988
Número Koha 8016
801 #0 - Fuente de origen
Agencia cm
900 ## -
-- 1/8371
900 ## -
-- 7100420137\061004
942 ## - ELEMENTOS DE ENTRADA SECUNDARIOS (KOHA)
Tipo de ítem Koha Livre
996 ## -
-- MEX
-- 751145101
-- MMAG
-- 012393
-- 080 S479 V.121
-- 20250207LIV
Exemplaires
Estatus retirado Estado de daño Estado de pérdida Fecha de adquisición Biblioteca de origen Biblioteca actual Ubicación en estantería Código de barras Precio de reemplazo Signatura topográfica completa No para préstamo Tipo de ítem Koha Nota pública Nota no pública
      05/08/2025 Casa México Paris Casa México Paris   012393 05/08/2025 080 S479 V.121   Livre 20250207LIV 751145101